[Event "Bundesliga 9596"]
[Site "Germany"]
[Date "1996.??.??"]
[Round "?"]
[White "Gavrikov, Viktor"]
[Black "Lutz, Christopher"]
[Result "1/2-1/2"]
[WhiteElo "2605"]
[BlackElo "2575"]

1.d4 Nf6 2.c4 e6 3.Nf3 d5 4.Nc3 Be7 5.Bf4 O-O 6.e3 c5 7.dxc5 Bxc5 8.a3 Nc6
9.Be2 dxc4 10.Qc2 b5 11.Nxb5 Qa5+ 12.Nc3 Nb4 13.Qc1 Nbd5 14.Bxc4 Nxf4 15.exf4 Bxf2+
16.Kxf2 Qc5+ 17.Kg3 Qxc4 18.Ne5 Qb3 19.Re1 Bb7 20.Rb1 Be4 21.Ra1 Rfd8 22.Qe3 Bf5
23.Nd1 Qb7 24.h3 Rac8 25.Rc1 Rxc1 26.Qxc1 Be4 27.Re2  1/2-1/2

[Event "BL2-O9596"]
[Site "Germany"]
[Date "1996.??.??"]
[Round "?"]
[White "David, Rene"]
[Black "Malich, Burkhard"]
[Result "0-1"]
[WhiteElo "2240"]
[BlackElo "2385"]

1.d4 d5 2.Nf3 Nf6 3.c4 e6 4.Nc3 Be7 5.Bf4 O-O 6.e3 a6 7.Qc2 dxc4 8.Bxc4 Nbd7
9.Rd1 Bd6 10.Be5 Qe7 11.O-O b5 12.Bd3 Bb7 13.a3 Bxf3 14.gxf3 Bxe5 15.dxe5 Nxe5
16.Be2 c5 17.f4 Ng6 18.Bf3 Rad8 19.Ne4 c4 20.Ng5 Rxd1 21.Rxd1 Rc8 22.Qc3 e5
23.Qa5 exf4 24.Qxa6 Rb8 25.exf4 Nxf4 26.Qd6 Qxd6 27.Rxd6 Nd3 28.b3 Ne5 29.bxc4 h6
30.cxb5 hxg5 31.Be2 Ne4 32.Rd5 f6 33.Bf1 Nc3 34.Rc5 Na4 35.Rc7 Ra8 36.Bg2 Ra5
37.Bd5+ Kf8 38.Bb3 Nb6 39.a4 Ned7 40.Rb7 Ke7  0-1

[Event "Bundesliga 9697"]
[Site "Germany"]
[Date "1996.??.??"]
[Round "?.2"]
[White "Stohl, Igor"]
[Black "Unzicker, Wolfgang"]
[Result "1-0"]
[WhiteElo "2560"]
[BlackElo "2460"]

1.c4 e6 2.Nf3 Nf6 3.Nc3 d5 4.d4 Be7 5.Bf4 O-O 6.e3 c5 7.dxc5 Bxc5 8.a3 Nc6
9.Qc2 Be7 10.cxd5 exd5 11.Be2 Be6 12.Rd1 Qa5 13.O-O Rac8 14.Ng5 a6 15.Qb3 Nd8
16.Be5 b5 17.Bf3 Nc6 18.Bxf6 Bxf6 19.Nxe6 fxe6 20.Bg4 Rfe8 21.Nxd5 exd5 22.Bxc8 Rxc8
23.Qxd5+ Kf8 24.Rc1 Ne7 25.Rxc8+ Nxc8 26.Qa8 Qc7 27.b4 Kf7 28.Qxa6 Nd6 29.a4 bxa4
30.Qxa4 Qc4 31.Rb1 Ke6 32.Qb3 Qxb3 33.Rxb3 Kd5 34.Rd3+ Kc6 35.f4 Ne4 36.g4 Kb5
37.g5 Bc3 38.Kg2 Kxb4 39.Rd8 Kc4 40.Kf3 Nd2+ 41.Ke2 Ne4 42.Rh8 Kd5 43.Rxh7 Bb2
44.Rh8 Ke6 45.Re8+ Kf5 46.h3 Ba1 47.Rf8+ Ke6 48.Kf3 Nd2+ 49.Kg4 Ne4 50.h4 Ke7
51.Ra8  1-0

[Event "Bundesliga 9697"]
[Site "Germany"]
[Date "1996.??.??"]
[Round "?.7"]
[White "Muse, Mladen"]
[Black "Fuhrmann, Daniel"]
[Result "1-0"]
[WhiteElo "2445"]
[BlackElo "2265"]

1.d4 d5 2.c4 e6 3.Nf3 Nf6 4.Nc3 Be7 5.Bf4 O-O 6.e3 c6 7.Qc2 Nbd7 8.h3 b6
9.cxd5 exd5 10.Bd3 Bb7 11.Ne5 Re8 12.O-O Nf8 13.Qa4 b5 14.Qd1 Ne6 15.Bg3 a6
16.Bh4 h6 17.Qf3 c5 18.Qf5 cxd4 19.Bxf6 Bxf6 20.Qh7+ Kf8 21.exd4 Bxe5 22.dxe5 Qg5
23.h4 Qxh4 24.f4 Nxf4 25.Qh8+ Ke7 26.Qxg7 d4 27.Ne4 Bxe4 28.Rxf4 Qxf4 29.Rf1 Qe3+
30.Kh2 Qxd3 31.Rxf7+ Kd8 32.Qf6+ Kc8 33.Qd6 Qc4 34.Qd7+ Kb8 35.Qd6+ Kc8 36.Qd7+ Kb8
37.Qxe8+ Qc8 38.Qe7 Bb7 39.Rf8 Ka7 40.Rxc8 Rxc8 41.Qd6 Rc2 42.Qxd4+ Ka8 43.Qd8+ Ka7
44.Qd4+ Ka8 45.e6 Rxg2+ 46.Kh3 Re2 47.Qd8+  1-0

[Event "GRE-ch95"]
[Site "GRE"]
[Date "1996.??.??"]
[Round "4"]
[White "Porfiriadis, Sotirios"]
[Black "Karanikolas, Konstantinos"]
[Result "1/2-1/2"]
[WhiteElo "2320"]
[BlackElo "2300"]

1.d4 d5 2.c4 e6 3.Nc3 Be7 4.Nf3 Nf6 5.Bf4 c6 6.e3 O-O 7.h3 Nbd7 8.a3 a6 9.c5 Ne4
10.Bd3 f5 11.g4 b6 12.gxf5 exf5 13.cxb6 Qxb6 14.Qc2 Bd6 15.Bxe4 fxe4 16.Bxd6 Rxf3
17.O-O-O Nf6 18.Rdg1 a5 19.Rh2 Bxh3 20.Rgh1 Bf5 21.Rg2 h5 22.Ne2 Qb5 23.a4 Qa6
24.b3 Ng4 25.Nf4 h4 26.Kb2 Kf7 27.Nh3 Kg8 28.Ng5 h3 29.Rxh3 Nxe3 30.fxe3 Bxh3
31.Rh2 Rd8 32.Nxf3 Rxd6 33.Rxh3 exf3 34.Qh7+ Kf7 35.Rxf3+ Rf6 36.Qh5+ Ke7
37.Qe5+ Kd7 38.Rxf6 gxf6 39.Qxf6 Qe2+ 40.Ka3 Qxe3 41.Qf7+ Kd6 42.Qf6+ Kc7
43.Qf7+ Kb6 44.Qf6 Qc1+ 45.Ka2  1/2-1/2

[Event "Koop Tjuchem"]
[Site "Groningen"]
[Date "1996.??.??"]
[Round "10"]
[White "Akopian, Vladimir"]
[Black "Short, Nigel D"]
[Result "1/2-1/2"]
[WhiteElo "2630"]
[BlackElo "2695"]

1.d4 Nf6 2.c4 e6 3.Nf3 d5 4.Nc3 Be7 5.Bf4 O-O 6.e3 c5 7.dxc5 Bxc5 8.Qc2 Nc6
9.a3 Qa5 10.O-O-O Be7 11.g4 dxc4 12.Bxc4 e5 13.g5 exf4 14.gxf6 Bxf6 15.Nd5 Ne7
16.Nxf6+ gxf6 17.Rhg1+ Kh8 18.e4 b5 19.Bd5 Nxd5 20.exd5 b4 21.axb4 Qa1+ 22.Kd2 Qa6
23.Nd4 Rd8 24.b5 Qb6 25.Qe4 Bb7 26.Qxf4 Rxd5 27.Kc1 f5 28.Qg5 Rc5+ 29.Kd2 Qg6
30.Qe7 Qb6  1/2-1/2

[Event "Hamburg HSK"]
[Site "Hamburg"]
[Date "1996.??.??"]
[Round "6"]
[White "Chekhov, Valery A"]
[Black "Wilhelmi, Christian"]
[Result "1-0"]
[WhiteElo "2535"]
[BlackElo "2355"]

1.Nf3 Nf6 2.c4 e6 3.Nc3 d5 4.d4 Be7 5.Bf4 O-O 6.e3 c5 7.dxc5 Nc6 8.cxd5 exd5
9.Be2 Bxc5 10.O-O Be6 11.Rc1 Rc8 12.Nb5 Qe7 13.Bg5 Bb6 14.Qd3 Bg4 15.h3 Bh5
16.Nc3 Bg6 17.Qb5 Be4 18.Nd2 Rcd8 19.Rcd1 Rfe8 20.Ndxe4 dxe4 21.Nd5 Qe5 22.Bxf6 gxf6
23.Nxb6 Rxd1 24.Rxd1 Qxb5 25.Bxb5 axb6 26.Rd7 Re5 27.a4 Na5 28.Rd6  1-0

[Event "NLD-chT9697"]
[Site "Holland"]
[Date "1996.??.??"]
[Round "?"]
[White "Van der Vliet, Fred"]
[Black "Bartels, Hans A"]
[Result "1-0"]
[WhiteElo "2330"]
[BlackElo "2335"]

1.d4 d5 2.c4 e6 3.Nf3 Nf6 4.Nc3 Be7 5.Bf4 O-O 6.e3 a6 7.Rc1 dxc4 8.Bxc4 c5
9.dxc5 Bxc5 10.Qxd8 Rxd8 11.Ke2 Nc6 12.Na4 Ba7 13.Bc7 Re8 14.Nb6 Bxb6 15.Bxb6 Nd5
16.Bc5 b5 17.Bd3 Bb7 18.Rhd1 Rac8 19.Bb1 h6 20.g3 Nf6 21.Nd2 Ne5 22.Bd6 Nc4
23.Nxc4 bxc4 24.f3 Nd7 25.e4 Nb6 26.Be5 Bc6 27.Kf2 Bb5 28.Bd4 Nd7 29.Rc3 e5
30.Be3 Nc5 31.Bxc5 Rxc5 32.b4 Rc7 33.Bc2 Rb8 34.Rd5 f6 35.a3 Kf8 36.Ke3 Ke7
37.Bd1 Rd8 38.Rxd8 Kxd8 39.Be2 Ke7 40.Rc1 Rc8 41.Ra1 Ba4 42.Rc1 Bb3 43.Bd1 Rc6
44.Bxb3 cxb3 45.Kd2 b2 46.Rb1 Kd7 47.Rxb2 Rd6+ 48.Kc3 Rc6+ 49.Kb3 Rd6 50.Rc2 g5
51.Kc3 Rc6+ 52.Kd3 Rb6 53.Rc5 Rb7 54.Kc4 Rb6 55.a4 h5 56.b5 axb5+ 57.axb5 h4
58.gxh4 gxh4 59.Rd5+ Kc7 60.Kc5 Re6 61.Rd1 Re8 62.b6+ Kc8 63.Rd6 Rf8 64.Kc6 h3
65.Re6 Kb8 66.b7 Ka7 67.Re7 Kb8 68.Rd7 f5 69.exf5 Rf6+ 70.Rd6 Rf8 71.f6  1-0

[Event "HUN-chT1 9596"]
[Site "HUN"]
[Date "1996.??.??"]
[Round "7"]
[White "Dobos, Jozsef"]
[Black "Mayer, Istvan"]
[Result "1/2-1/2"]
[WhiteElo "2325"]
[BlackElo "2275"]

1.d4 d5 2.c4 e6 3.Nf3 Nf6 4.Nc3 Be7 5.Bf4 Nbd7 6.cxd5 exd5 7.e3 c6 8.h3 Ne4
9.Bd3 f5 10.g4 Ndf6 11.gxf5 Bxf5 12.Qc2 Qd7 13.O-O-O Nd6 14.Ne5 Bxd3 15.Rxd3 Qe6
16.f3 Nf7 17.Qb3 b6 18.Qa4 Nxe5 19.dxe5 Nd7 20.Rd2 O-O 21.Ne2 Nxe5 22.Nd4 Qf6
23.Bxe5 Qxe5 24.Nxc6 Qxe3 25.Nxe7+ Qxe7 26.Rxd5 Qe3+ 27.Kb1 Qxf3 28.Rdd1 Rad8
29.Rde1 Qd3+ 30.Ka1 Qd7 31.Qb4 Qd4 32.Qb3+ Qd5 33.Qb4 Rf7 34.a3 Rfd7 35.Rhg1 Qh5
36.Qb3+ Qf7 37.Qb4 Rd4 38.Qb5 h6 39.Qe5 R4d5 40.Qe3 Qf6 41.Rg4 Qd6 42.Qe4 Rd4
43.Qf5 Rf8 44.Qh5 Rd3 45.Rg6 Qd4 46.Ka2 Qc4+ 47.Kb1 Qd4 48.Rxh6 gxh6 49.Qg6+ Kh8  1/2-1/2

[Event "HUN-chT1 9596"]
[Site "HUN"]
[Date "1996.??.??"]
[Round "9"]
[White "Rezsek, Gyozo"]
[Black "Horvath, Zoltan"]
[Result "0-1"]
[WhiteElo "2125"]
[BlackElo "2355"]

1.d4 d5 2.c4 e6 3.Nf3 Nf6 4.Nc3 Be7 5.Bf4 O-O 6.e3 c5 7.cxd5 Nxd5 8.Nxd5 exd5
9.dxc5 Bxc5 10.a3 Bg4 11.Bd3 Bd6 12.Bxd6 Bxf3 13.Qxf3 Qxd6 14.Rd1 Nc6 15.Qh3 g6
16.O-O Rad8 17.Rd2 Qe6 18.Qh6 d4 19.e4 Ne5 20.f4 Ng4 21.Qh4 Ne3 22.Rf3 Rc8
23.Rh3 Rc1+ 24.Kf2 h5 25.f5 Nxf5 26.Qg5 Ne3 27.Rxh5 Qg4  0-1

[Event "HUN-chT1 9596"]
[Site "HUN"]
[Date "1996.??.??"]
[Round "10"]
[White "Farago, Ivan"]
[Black "Farkas, Gyula"]
[Result "1-0"]
[WhiteElo "2515"]
[BlackElo "2215"]

1.d4 d5 2.c4 e6 3.Nf3 Be7 4.Nc3 Nf6 5.Bf4 c6 6.e3 Nbd7 7.Qc2 O-O 8.Rd1 Re8
9.h3 Qa5 10.Bd3 dxc4 11.Bxc4 b5 12.Bd3 b4 13.Qa4 Qb6 14.Ne4 Bb7 15.Ned2 a5
16.O-O Ba6 17.Nc4 Bxc4 18.Bxc4 Rac8 19.Rc1 Red8 20.Rfd1 Nf8 21.Be2 c5 22.Ne5 Nd5
23.Bg3 Bf6 24.Nc4 Qa6 25.Bf1 Nb6 26.Qxa5 Qxa5 27.Nxa5 Na4 28.Nb7 Rd5 29.Nxc5 Nxc5
30.dxc5 Rxd1 31.Rxd1 Rxc5 32.Bd6 Rc2 33.Rb1 Bxb2 34.Bxb4 Be5 35.a4 Ra2 36.a5 h5
37.a6 Nd7 38.Bc4 Rc2 39.a7 Nb6 40.Ba5 Rxc4 41.Bxb6 Rc8 42.f4  1-0

[Event "HUN-chT1 9596"]
[Site "HUN"]
[Date "1996.??.??"]
[Round "11"]
[White "Dobos, Jozsef"]
[Black "Letay, Gyula"]
[Result "1-0"]
[WhiteElo "2325"]
[BlackElo "2265"]

1.d4 d5 2.c4 e6 3.Nf3 Nf6 4.Nc3 Be7 5.Bf4 O-O 6.e3 c6 7.Qc2 Nbd7 8.cxd5 exd5
9.Bd3 c5 10.Ne5 c4 11.Be2 a6 12.a4 Bb4 13.O-O h6 14.Bf3 Nb8 15.g4 g5 16.Bg3 Nc6
17.h3 Re8 18.Bg2 Bf8 19.f4 Nb4 20.Qf2 Bg7 21.fxg5 hxg5 22.Rad1 Be6 23.Qd2 Qe7
24.Rf2 Rad8 25.Rdf1 Nc6 26.Qc2 Rf8 27.b3 Nb4 28.Qb1 cxb3 29.Qxb3 a5 30.Qb1 Rc8
31.Nb5 Nd7 32.Nf3 Rc6 33.h4 Bxg4 34.Nxg5 f5 35.Qb3 Nf6 36.Be5 Rd8 37.Nc3 Qd7
38.e4 Kh8 39.exf5 Nd3 40.Rd2 Bxf5 41.Rxf5 Qxf5 42.Nf7+ Kh7 43.Nxd8 Rc8 44.Qc2 Rxc3
45.Qxc3 Nxe5 46.dxe5 Qb1+ 47.Kh2 Ng4+ 48.Kh3 Qf5 49.Qf3 Nf2+ 50.Kh2  1-0

[Event "ISR-chT"]
[Site "Israel"]
[Date "1996.??.??"]
[Round "6"]
[White "Porper, Eduard"]
[Black "Bruk, Ofer"]
[Result "1-0"]
[WhiteElo "2425"]
[BlackElo "2430"]

1.d4 Nf6 2.Nf3 e6 3.c4 d5 4.Nc3 Be7 5.Bf4 O-O 6.e3 c5 7.dxc5 dxc4 8.Bxc4 Qxd1+
9.Rxd1 Bxc5 10.O-O Nc6 11.e4 Bb4 12.Bd6 Bxd6 13.Rxd6 Rd8 14.Rxd8+ Nxd8 15.Rd1 Nc6
16.Bb5 Kf8 17.Bxc6 bxc6 18.Ne5 Bb7 19.Na4 Nxe4 20.Rd7 f6 21.Rxb7 fxe5 22.f3 Nd6
23.Rd7 Nb5 24.Nc5 Nd4 25.Kf1 Kg8 26.Nd3 a5 27.Nxe5 c5 28.Rc7 h6 29.Rxc5 Rb8
30.Nd3 a4 31.Ra5 Nc2 32.Rxa4 Ne3+ 33.Ke2  1-0

[Event "ISR-chT"]
[Site "Israel"]
[Date "1996.??.??"]
[Round "9"]
[White "Shvidler, Eliahu"]
[Black "Liberzon, Vladimir M"]
[Result "1-0"]
[WhiteElo "2460"]
[BlackElo "2435"]

1.d4 d5 2.Nf3 Nf6 3.c4 e6 4.Nc3 Be7 5.Bf4 c5 6.dxc5 Na6 7.e3 Nxc5 8.cxd5 exd5
9.Be2 O-O 10.O-O Bg4 11.h3 Bh5 12.Rc1 Rc8 13.Be5 Nce4 14.Bxf6 Nxf6 15.Qb3 b6
16.Rcd1 Rc5 17.e4 Bd6 18.exd5 Re8 19.Rfe1 a6 20.Nd4 Bxe2 21.Rxe2 Rxe2 22.Ndxe2 b5
23.a4 bxa4 24.Qxa4 Qa5 25.Qd4 Rc8 26.Ng3 Re8 27.Nge4 Nxe4 28.Nxe4 Be5 29.Qc4 Qb5
30.b3 Rd8 31.Nc5 Bd6 32.Nxa6 Qxc4 33.bxc4 Ra8 34.Ra1 Kf8 35.Ra4 Re8 36.Kf1 Ke7
37.Ke2 f5 38.Kd3 Kd7 39.Kd4 Re5 40.Nc5+  1-0

[Event "Jakarta Gunadarma"]
[Site "Jakarta"]
[Date "1996.??.??"]
[Round "7"]
[White "Sokolov, Ivan"]
[Black "Portisch, Lajos"]
[Result "1/2-1/2"]
[WhiteElo "2670"]
[BlackElo "2600"]

1.d4 d5 2.c4 e6 3.Nc3 Be7 4.Nf3 Nf6 5.Bf4 O-O 6.e3 c5 7.dxc5 Bxc5 8.a3 Nc6
9.Qc2 Be7 10.Rd1 Qa5 11.Nd2 e5 12.Bg5 d4 13.Nb3 Qd8 14.Be2 a5 15.O-O a4 16.Nc1 Be6
17.Bd3 g6 18.exd4 Nxd4 19.Qd2 Nh5 20.Bxe7 Qxe7 21.Qe3 f6 22.Be4 Ng7 23.Nd5 Bxd5
24.Bxd5+ Kh8 25.Qc3 Nde6 26.Ne2 Nc5 27.Qb4 Rfc8 28.Rfe1 Qf8 29.Nc3 Nf5 30.Nb5 Ra6
31.Qd2 Nd6 32.f4 e4 33.Nxd6 Rxd6  1/2-1/2

[Event "Leon University tt (Women)"]
[Site "Leon"]
[Date "1996.??.??"]
[Round "7"]
[White "Khurtsidze, Nino"]
[Black "Koglin, Anke"]
[Result "1-0"]
[WhiteElo "2395"]
[BlackElo "2195"]

1.d4 d5 2.c4 e6 3.Nf3 Nf6 4.Nc3 Be7 5.Bf4 O-O 6.e3 c5 7.dxc5 Bxc5 8.Be2 dxc4
9.Bxc4 Nc6 10.Qe2 Bb4 11.O-O Bxc3 12.bxc3 Qa5 13.e4 Qxc3 14.Rac1 Qa5 15.e5 Nd5
16.Bd2 Qd8 17.Rfd1 Bd7 18.Bg5 Qc8 19.Qe4 f5 20.exf6 Nxf6 21.Bxf6 Rxf6 22.Ng5 Rg6
23.Rxd7  1-0

[Event "Lippstadt"]
[Site "Lippstadt"]
[Date "1996.??.??"]
[Round "7"]
[White "Matthias, Heiner"]
[Black "Schlindwein, Rolf"]
[Result "1/2-1/2"]
[WhiteElo "2375"]
[BlackElo "2440"]

1.Nf3 Nf6 2.c4 e6 3.d4 d5 4.Nc3 Be7 5.Bf4 O-O 6.e3 Nbd7 7.Qc2 c6 8.Rd1 Nh5
9.Bd3 Nxf4 10.exf4 Nf6 11.O-O dxc4 12.Bxc4 Nd5 13.g3 g6 14.Ne4 Nf6 15.Ne5 Nxe4
16.Qxe4 Bf6 17.h4 Qc7 18.Rfe1 b6 19.Nxc6 Bb7 20.d5 Bxb2 21.h5 Rac8 22.hxg6 hxg6
23.Qb1 Bf6 24.Rc1 exd5 25.Bxd5 Qd7 26.Qxg6+ Bg7 27.Qe4 Rfe8 28.Ne7+ Kf8 29.Bxb7 Rxc1
30.Rxc1 Rxe7 31.Rc8+ Qxc8 32.Qxe7+ Kxe7 33.Bxc8 a5 34.a4 Bd4 35.Kf1 f6 36.Ke2 Kf7
37.Bf5 Kg7 38.f3 Bg1 39.Kf1 Bd4 40.Kg2 Be3 41.Bd7 Kh6 42.f5 Kg7 43.f4 Bd2
44.Kf3 Be1 45.g4 Bd2  1/2-1/2

[Event "Ljubljana op"]
[Site "Ljubljana"]
[Date "1996.??.??"]
[Round "6"]
[White "Bozic, Marjan"]
[Black "Kolar, Srecko"]
[Result "1/2-1/2"]
[WhiteElo "2055"]
[BlackElo "2200"]

1.d4 Nf6 2.c4 e6 3.Nc3 d5 4.Nf3 Be7 5.Bf4 O-O 6.e3 c5 7.cxd5 Nxd5 8.Nxd5 exd5
9.dxc5 Nc6 10.Be2 Bxc5 11.O-O Be6 12.a3 a6 13.Qc2 Be7 14.Bd3 h6 15.Rfd1 Qb6
16.b4 Rac8 17.Qd2 Rfd8 18.Rac1 Bf8 19.Ne5 Na7 20.Bc2 g6 21.Ba4 Nb5 22.Bxb5 Qxb5
23.Qd3 Qe8 24.Nf3 Rxc1 25.Rxc1 Rc8 26.Rxc8 Qxc8 27.h3 Qc1+ 28.Kh2 Qb2 29.Kg3 Bg7
30.Nd4 Bd7 31.Bd6 Ba4 32.f4 Qc1 33.f5 g5 34.Kh2 Qc4 35.Qd2 Bd7 36.Qf2 Bf6
37.Qd2 Kg7 38.g4 Ba4 39.Kg2 Kg8 40.Kf2 Kg7 41.Bc5 Kg8 42.Bd6 Qc8 43.Nf3 Qc4
44.Nd4  1/2-1/2

[Event "Wch U18"]
[Site "Menorca"]
[Date "1996.??.??"]
[Round "7"]
[White "Avrukh, Boris"]
[Black "Yin Hao"]
[Result "0-1"]
[WhiteElo "2500"]
[BlackElo "2320"]

1.d4 Nf6 2.c4 e6 3.Nf3 d5 4.Nc3 Be7 5.Bf4 O-O 6.e3 c6 7.Qc2 Nbd7 8.Rd1 b6
9.Be2 Ba6 10.b3 Rc8 11.O-O Nh5 12.Be5 Nhf6 13.Bg3 Nh5 14.Be5 Nhf6 15.h3 Nxe5
16.dxe5 Nd7 17.Bd3 g6 18.Qb2 Bb7 19.Bb1 Qc7 20.cxd5 exd5 21.Ne2 Rfe8 22.Nf4 Bf8
23.Rc1 Qb8 24.e6 fxe6 25.Ng5 Bg7 26.Qe2 Nf8 27.Qg4 e5 28.Nfe6 Nxe6 29.Nxe6 Qd6
30.Bf5 Rb8 31.h4 Re7 32.Nxg7 Rxg7 33.Bb1 Ba6 34.Rfd1 Rf8 35.Rd2 Bc8 36.Qc4 Rxf2
37.Rdd1 Rf6 38.Qa4 a5 39.Be4 Bd7 40.Bf3 Rgf7 41.e4 Rf4 42.b4 Qxb4 43.Qxb4 axb4
44.exd5 c5 45.Re1 Re7 46.d6 Re8 47.Bd5+ Kg7 48.Rf1 Ref8 49.Rfe1 Kf6 50.Re3 Rd4
51.Bb3 h5 52.Bc2 Rxd6  0-1

[Event "Metz op"]
[Site "Metz"]
[Date "1996.??.??"]
[Round "?"]
[White "Timoshchenko, Gennadi A"]
[Black "Klovans, Janis"]
[Result "1/2-1/2"]
[WhiteElo "2530"]
[BlackElo "2520"]

1.d4 d5 2.c4 e6 3.Nf3 Nf6 4.Nc3 Be7 5.Bf4 c5 6.dxc5 Bxc5 7.e3 O-O 8.Qc2 Qa5
9.a3 Nc6 10.O-O-O Be7 11.g4 dxc4 12.Bxc4 e5 13.g5 exf4 14.gxf6 Bxf6 15.Nd5 Ne7
16.Nxf6+ gxf6 17.Rhg1+ Kh8 18.Qe4 Qc7 19.Qd4 Qc6 20.Kb1 Bf5+ 21.Ka1 Ng6 22.e4 Bxe4
23.Ng5 Ne5 24.Qxe4  1/2-1/2

[Event "BLR-ch Minsk"]
[Site "Minsk"]
[Date "1996.??.??"]
[Round "2"]
[White "Korneevets, Alexander"]
[Black "Begun, Sergei M"]
[Result "1/2-1/2"]
[WhiteElo "2325"]
[BlackElo "2375"]

1.d4 d5 2.Nf3 Nf6 3.c4 e6 4.Nc3 Be7 5.Bf4 O-O 6.e3 c6 7.Qc2 Na6 8.a3 dxc4
9.Bxc4 b5 10.Be2 b4 11.axb4 Nxb4 12.Qd2 c5  1/2-1/2

[Event "BLR-ch Minsk"]
[Site "Minsk"]
[Date "1996.??.??"]
[Round "7"]
[White "Korneevets, Alexander"]
[Black "Korzubov, Peter"]
[Result "1/2-1/2"]
[WhiteElo "2325"]
[BlackElo "2440"]

1.d4 d5 2.c4 e6 3.Nc3 Be7 4.Nf3 Nf6 5.Bf4 O-O 6.e3 c5 7.Qc2 Nc6 8.dxc5 Bxc5
9.a3 Qa5 10.Rd1 Be7 11.Nd2 e5 12.Nb3 Qb6 13.Bg5 d4 14.Bxf6 Bxf6 15.Nd5 Qd8
16.Bd3 g6 17.exd4 Nxd4 18.Nxd4 exd4 19.Nxf6+ Qxf6 20.O-O Bg4  1/2-1/2

[Event "Moscow GM2"]
[Site "Moscow"]
[Date "1996.??.??"]
[Round "?"]
[White "Danielian, Oganes"]
[Black "Rustemov, Alexander"]
[Result "0-1"]
[WhiteElo "2450"]
[BlackElo "2495"]

1.d4 d5 2.c4 e6 3.Nc3 Be7 4.Nf3 Nf6 5.Bf4 O-O 6.e3 c5 7.dxc5 Bxc5 8.Be2 dxc4
9.Bxc4 a6 10.O-O Nbd7 11.Bd3 b5 12.Ne4 Bb7 13.Nxc5 Nxc5 14.Be2 Nd5 15.Bg3 Ne4
16.Bh4 Qb6 17.Rc1 Rfc8 18.Bd3 Rxc1 19.Qxc1 Ndf6 20.Qb1 h6 21.Rd1 g5 22.Bg3 Nxg3
23.hxg3 Bxf3 24.gxf3 Rc8 25.Be2 b4 26.Qd3 a5 27.Kg2 Kg7 28.g4 Nd5 29.Qe4 Nf6
30.Qd3 Rc5 31.Rd2 Qc6 32.e4 Qc7 33.Qd4 Qf4 34.Qe3 Qe5 35.a3 bxa3 36.bxa3 h5
37.gxh5 Nxh5 38.Qd4 Nf4+ 39.Kf1 Qxd4 40.Rxd4 Rc3 41.a4 Kf6 42.Ke1 Ra3 43.Bd1 Ra2
44.Rd7 Rb2 45.Rd2 Rxd2 46.Kxd2 Ke5 47.Ke3 Kd6 48.Kd4 e5+ 49.Kc4 Kc6 50.Kc3 Kc5
51.Bb3 f6 52.Bc4 Nh3 53.Be6 Nxf2 54.Bd7 Nh1 55.Bc8 Ng3 56.Bg4 Ne2+ 57.Kd2 Nd4
58.Kc3 Nc6 59.Bd7 Nd8 60.Bg4 Nf7 61.Bf5 Kc6 62.Be6 Nd6 63.Bg4 Ne8 64.Kc4 Nd6+
65.Kc3 Kc5 66.Be6 Ne8 67.Bd7 Nc7 68.Bc8 Na8 69.Bd7 Nb6 70.Bb5 Kd6 71.Kb3 Ke6
72.Bf1 g4 73.fxg4 Kf7 74.Bc4+ Kg6 75.Bd5 Kg5 76.Bc6 Kf4 77.Kc2 Kxg4 78.Kd3 Kf4
79.Bb5 Nc8 80.Be8 Nd6 81.Bg6 Kf3 82.Bh5+ Kf2 83.Bg6 Ke1 84.Bh5 Kf2 85.Bg6 Kf3
86.Bh5+ Kf4 87.Bg6 Kg5 88.Bh7 Kh6 89.Bg8 Kg7 90.Be6 Kf8 91.Bd5 Ke7 92.Kc3 Kd7
93.Kd3 Kc7 94.Kc3 Kb6 95.Kb3 Kc5 96.Kc3 f5  0-1

[Event "Moscow Alekhine op"]
[Site "Moscow"]
[Date "1996.??.??"]
[Round "1"]
[White "Korotylev, Alexey"]
[Black "Deviatkin, Andrei"]
[Result "1-0"]
[WhiteElo "2440"]
[BlackElo "2160"]

1.d4 d5 2.c4 e6 3.Nc3 Nf6 4.Nf3 Be7 5.Bf4 c6 6.e3 Nbd7 7.h3 O-O 8.Qc2 a6
9.Rd1 Qa5 10.Nd2 c5 11.Nb3 Qb6 12.cxd5 Nxd5 13.Nxd5 exd5 14.Be2 cxd4 15.Nxd4 Qa5+
16.Kf1 Nc5 17.Qb1 Qb6 18.Kg1 Na4 19.Bd3 Qxb2 20.Bxh7+ Kh8 21.Rc1 g6 22.Bxg6 fxg6
23.Qxg6 Qxc1+ 24.Kh2 Qxh1+ 25.Kxh1 Bf6 26.Bh6 Bd7 27.Bxf8 Rxf8 28.Qh5+ Kg7
29.Qxd5 Rf7 30.Ne6+ Bxe6 31.Qxe6 Nc3 32.g4 Re7 33.Qf5 Re5 34.Qc8 Ne4 35.Kg2 Re7
36.f4 Nc3 37.g5 Rxe3 38.gxf6+ Kxf6 39.Qf8+ Kg6 40.Qg8+ Kf5 41.Qg5+ Ke4 42.h4 Ne2
43.Qe5+ Kd3 44.Qd5+ Kc3 45.Kf2 Re8 46.Qxb7 Nd4 47.Qxa6 Re4 48.Kg3 Kd2 49.Kg4 Ne2
50.Qd6+ Ke3 51.Qc5+ Kd3 52.Qd5+ Ke3 53.Qb3+ Kd4 54.Kf3  1-0

[Event "RUS-Cup2"]
[Site "Moscow"]
[Date "1996.??.??"]
[Round "2"]
[White "Zlochevskij, Alexander"]
[Black "Kharitonov, Andrei Y"]
[Result "1/2-1/2"]
[WhiteElo "2415"]
[BlackElo "2540"]

1.d4 d5 2.c4 e6 3.Nf3 Nf6 4.Nc3 Be7 5.Bf4 O-O 6.e3 c5 7.dxc5 Bxc5 8.a3 Nc6
9.Be2 dxc4 10.Bxc4 Nh5 11.Qxd8 Rxd8 12.Bc7 Rd7 13.Be5 Rd8 14.Bc7 Rd7  1/2-1/2

[Event "RUS-Cup2"]
[Site "Moscow"]
[Date "1996.??.??"]
[Round "4"]
[White "Kobalija, Mihail"]
[Black "Asrian, Karen"]
[Result "1/2-1/2"]
[WhiteElo "2495"]
[BlackElo "2380"]

1.d4 d5 2.c4 e6 3.Nf3 Nf6 4.Nc3 Be7 5.Bf4 O-O 6.e3 c6 7.h3 Nbd7 8.Qc2 Re8
9.Rd1 Nf8 10.Bd3 dxc4 11.Bxc4 Nd5 12.Bg3 Nxc3 13.Qxc3 Bd6 14.Bxd6 Qxd6 15.O-O b6
16.Rc1 Bb7 17.Be2 Nd7 18.Rfd1 Qe7 19.Ne1 e5 20.dxe5 Nxe5 21.Nf3 Nxf3+ 22.Bxf3 c5
23.Bxb7 Qxb7 24.Qd3 Qe7 25.Qd6 Qxd6 26.Rxd6 Rad8 27.Rcd1 Rxd6 28.Rxd6 Kf8
29.Rd7 Re7 30.Rd8+ Re8  1/2-1/2

[Event "RUS-Cup2"]
[Site "Moscow"]
[Date "1996.??.??"]
[Round "7"]
[White "Korotylev, Alexey"]
[Black "Kharitonov, Andrei Y"]
[Result "0-1"]
[WhiteElo "2435"]
[BlackElo "2540"]

1.d4 Nf6 2.c4 e6 3.Nf3 d5 4.Nc3 Be7 5.Bf4 O-O 6.e3 c5 7.dxc5 Bxc5 8.a3 Nc6
9.Qc2 Qa5 10.O-O-O Be7 11.h4 dxc4 12.Bxc4 Rd8 13.Kb1 Bd7 14.Ng5 h6 15.Nd5 exd5
16.Rxd5 Qb6 17.Nxf7 Kf8 18.Rdd1 Bxa3 19.Nxd8 Rxd8 20.Bb3 Be7 21.f3 Na5 22.Ba2 Rc8
23.Qf2 Bf5+  0-1

[Event "Kasparov Cup op"]
[Site "Moscow"]
[Date "1996.??.??"]
[Round "8"]
[White "Zakharov, Alexander S"]
[Black "Asrian, Karen"]
[Result "1/2-1/2"]
[WhiteElo "2300"]
[BlackElo "2310"]

1.d4 d5 2.c4 e6 3.Nf3 Nf6 4.Nc3 Be7 5.Bf4 O-O 6.e3 c6 7.h3 Nbd7 8.Qc2 Re8
9.Rd1 Nf8 10.Bd3 Ng6 11.Bg3 Bd6 12.Bxd6 Qxd6 13.O-O Qc7 14.e4 dxc4 15.Bxc4 e5
16.Ng5 Rf8 17.d5 cxd5 18.Nxd5 Nxd5 19.exd5 Qd8 20.h4 Bg4 21.f3 b5 22.fxg4 bxc4
23.Qf5 Qc8 24.Qe4 h6 25.Nxf7 Rxf7 26.Qxg6 Rxf1+ 27.Rxf1 Qc5+ 28.Kh2 Qxd5
29.g5 hxg5 30.h5 Qd3 31.Rf5 Qd4 32.Qxg5 e4 33.Qe7 Rd8 34.Re5 Qd6 35.Qxd6 Rxd6
36.Rxe4 Ra6 37.Rxc4 Rxa2 38.Rb4 a5 39.Rb7 a4 40.Kh3 a3 41.bxa3 Rxa3+ 42.Kh4 Ra4+
43.g4 Kh7  1/2-1/2

[Event "JUG-chT"]
[Site "Niksic"]
[Date "1996.??.??"]
[Round "?"]
[White "Komarov, Dimitri"]
[Black "Beliavsky, Alexander G"]
[Result "0-1"]
[WhiteElo "2595"]
[BlackElo "2620"]

1.d4 Nf6 2.Nf3 d5 3.c4 e6 4.Nc3 Be7 5.Bf4 O-O 6.e3 c5 7.dxc5 Bxc5 8.Qc2 Nc6
9.a3 Qa5 10.Nd2 Be7 11.Bg3 Bd7 12.Be2 Qd8 13.cxd5 Nxd5 14.Nxd5 exd5 15.O-O d4
16.e4 Rc8 17.Qd3 f5 18.f3 Kh8 19.Rfd1 Be6 20.Rac1 Bg5 21.Rc5 Qe7 22.b4 b6
23.Rcc1 Be3+ 24.Kh1 f4 25.Be1 Ne5 26.Qb1 Rcd8 27.Ba6 Rd6 28.Qc2 Qg5 29.h4 Qh5
30.Bc8 Bxc8 31.Qxc8 Kg8 32.Qh3 Rg6 33.Rc8 Rf6 34.Nf1 Ng6 35.Nxe3 fxe3 36.Rxd4 Nf4
37.Rxf8+ Rxf8 38.Qh2 Qb5 39.Rd1 Qf1+ 40.Qg1 e2 41.Rc1 Nh3 42.gxh3 Rxf3 43.Rc8+ Kf7
44.Rc7+ Ke8 45.Rc3 Qxh3+  0-1

[Event "Nussloch"]
[Site "Nussloch"]
[Date "1996.??.??"]
[Round "8"]
[White "Lobron, Eric"]
[Black "Lutz, Christopher"]
[Result "1/2-1/2"]
[WhiteElo "2590"]
[BlackElo "2555"]

1.Nf3 d5 2.d4 Nf6 3.c4 e6 4.Nc3 Be7 5.Bf4 O-O 6.e3 c5 7.dxc5 Bxc5 8.a3 Nc6
9.Be2 dxc4 10.Bxc4 Nh5 11.Qxd8 Rxd8 12.Bc7 Rd7 13.Be5 b6 14.Ne4 Be7 15.Bc3 Bb7
16.Be2 Rdd8 17.O-O Na5 18.Ned2 Nc6 19.Ne4 Na5 20.Ned2  1/2-1/2

[Event "Komercni Banka op"]
[Site "Pardubice"]
[Date "1996.??.??"]
[Round "8"]
[White "Kolesar, Milan"]
[Black "Klovans, Janis"]
[Result "1-0"]
[WhiteElo "2240"]
[BlackElo "2530"]

1.c4 e6 2.Nf3 d5 3.d4 Nf6 4.Nc3 Be7 5.Bf4 c5 6.dxc5 Bxc5 7.e3 O-O 8.cxd5 Nxd5
9.Nxd5 exd5 10.a3 Nc6 11.Bd3 h6 12.O-O Bb6 13.Bc2 Be6 14.Qd3 f5 15.Rfd1 Qf6
16.b4 a6 17.Ba4 Bf7 18.Rac1 Rac8 19.Bxc6 Rxc6 20.Rxc6 Qxc6 21.Ne5 Qa4 22.Nxf7 Rxf7
23.h3 a5 24.Bd6 Qc6 25.Be5 axb4 26.axb4 Qc4 27.Qxd5 Qxb4 28.Ra1 Qe7 29.Ra8+ Kh7
30.g3 Qd7 31.Qb3 Bc5 32.h4 Rf8 33.Ra1 Re8 34.Bf4 b6 35.Rd1 Qe6 36.Qxe6 Rxe6
37.h5 g5 38.hxg6+ Kxg6 39.Rb1 Kf7 40.Kf1 Ke7 41.Ke2 Kd7 42.Rh1 Bf8 43.Rh5 Rf6
44.Be5 Rf7 45.Bd4 b5 46.Rh1 Ke6 47.Ra1 Kd5 48.Kd3 Bd6 49.Ra6 Rc7 50.Rb6 b4
51.g4 Bc5 52.Rb5 fxg4 53.e4+ Kd6 54.e5+ Kd5 55.e6 Kxe6 56.Bxc5 h5 57.Bd4 h4
58.Re5+ Kd7 59.Rh5 g3 60.f3 Rc1 61.Rxh4 Rf1 62.Ke2 Rb1 63.Rg4 b3 64.Ke3 b2
65.Kf4  1-0